LEADER 02150nam2 2200409 i 450 001 CFI0039369 005 20231121125429.0 020 $aIT$b87-8425 100 $a20000421d1987 ||||0itac50 ba 101 | $alat 102 $ait 181 1$6z01$ai $bxxxe 182 1$6z01$an 200 1 $a1$eDe figuris numerorum, De metris Terentii, Praeexercitamina 210 $aRoma$cEdizioni di storia e letteratura$d1987 215 $aXLVI, 71 p.$d25 cm. 225 | $aSussidi eruditi$v40 410 0$1001CFI0017108$12001 $aSussidi eruditi$v40 423 0$12001 $aDe figuris numerorum. -$1700 0$aPriscianus : Caesariensis$3CFIV024501 423 0$12001 $aDe metris Terentii. -$1700 0$aPriscianus : Caesariensis$3CFIV024501$4070 423 0$12001 $aPraeexercitamina. -$1700 0$aPriscianus : Caesariensis$3CFIV024501 461 1$1001CFI0039370$12001 $aPrisciani Caesariensis Opuscula$fedizione critica a cura di Marina Passalacqua$v1 700 0$aPriscianus : Caesariensis$3CFIV024501$4070$0154536 790 0$aPriscianus Caesariensis$3CFIV026938$zPriscianus : Caesariensis 801 3$aIT$bIT-01$c20000421 850 $aIT-RM0290 $aIT-RM0313 $aIT-RM0281 $aIT-FR0084 $aIT-RM0151 $aIT-FR0017 899 $aBIBLIOTECA ANGELICA$bRM0290 899 $aBIBLIOTECA CASANATENSE$bRM0313 899 $aBIBLIOTECA VALLICELLIANA$bRM0281 899 $aBiblioteca Del Monumento Nazionale Di Montecassino$bFR0084 899 $aBiblioteca Istituto Storico Italiano Medio Evo - I$bRM0151 899 $aBiblioteca umanistica Giorgio Aprea$bFR0017 $eN 912 $aCFI0039369 950 2$aBiblioteca umanistica Giorgio Aprea$d 52SALA BRAGAS.S.L. 183.40 (I)$e 52COB0000905385 VMB RS $fA $h20161028$i20161028$d 52MAG 7 Coll D/2 -40$e 52FLS0000179845 VMN RS $fA $h20161103$i20161103$d 52MAG 7 Coll D/2 - 40$e 52DUP0000000015 VMN RS $fA $h20161114$i20161114 977 $a 06$a 07$a 08$a 25$a 41$a 52 996 $a1$93604582 997 $aUNICAS